[Event "FRA-chT2 0910"]
[Site "France"]
[Date "2009.10.17"]
[Round "2.2"]
[White "Deslandes, Pascal"]
[Black "Vallobra, Pierre"]
[Result "1-0"]
[WhiteElo "2312"]
[BlackElo "2052"]
[PlyCount "81"]
[EventDate "2009.09.27"]
[EventType "team"]
[EventRounds "11"]
[EventCountry "FRA"]
[Source "ChessBase"]
[SourceDate "2010.03.11"]

1. e4 e6 2. d4 d5 3. e5 c5 4. c3 Nc6 5. Nf3 Nh6 6. a3 a5 7. b3 Bd7 8. Bd3 Qb6
9. Bc2 Nf5 10. O-O cxd4 11. Bxf5 exf5 12. cxd4 h6 13. Nc3 Ne7 14. Bb2 g5 15.
Ne1 Qe6 16. Nd3 b6 17. b4 Ng6 18. Qb3 Bc6 19. bxa5 bxa5 20. a4 Be7 21. Ba3 O-O
22. Bxe7 Qxe7 23. Rac1 Rfb8 24. Nb5 Rb6 25. Rc5 Qd7 26. Qa2 Ne7 27. Nc3 Qb7 28.
Re1 Qa6 29. Qd2 Rb3 30. h4 Kf8 31. hxg5 hxg5 32. Nc1 Rb4 33. Qxg5 Rxd4 34. e6
Rg4 35. Qh6+ Rg7 36. Nb5 Qb6 37. Nd3 d4 38. g3 Re8 39. exf7 Bxb5 40. fxe8=Q+
Bxe8 41. Qxb6 1-0

[Event "FRA-chT2 0910"]
[Site "France"]
[Date "2009.10.17"]
[Round "2.2"]
[White "Eisenbeiser, Amadeus"]
[Black "Velasco, Santiago"]
[Result "1-0"]
[WhiteElo "2397"]
[BlackElo "2279"]
[PlyCount "46"]
[EventDate "2009.09.27"]
[EventType "team"]
[EventRounds "11"]
[EventCountry "FRA"]
[Source "ChessBase"]
[SourceDate "2010.03.11"]

1. e4 c5 2. c4 Nc6 3. Ne2 Nf6 4. Nbc3 d6 5. d4 cxd4 6. Nxd4 e5 7. Nc2 Be7 8.
Bd3 O-O 9. O-O Be6 10. Nd5 h6 11. b4 Nd7 12. Ba3 Rc8 13. Nce3 Nd4 14. Nxe7+
Qxe7 15. Bb2 Nb6 16. Rc1 Rc7 17. Re1 Qg5 18. Bf1 Qf6 19. Nd5 Bxd5 20. exd5 Rfc8
21. Re4 Nf5 22. f4 Qh4 23. Qf3 Nd4 1-0

[Event "FRA-chT2 0910"]
[Site "France"]
[Date "2009.10.17"]
[Round "2.2"]
[White "Fantinel, Thibault"]
[Black "Valles, Manuel"]
[Result "1/2-1/2"]
[WhiteElo "2144"]
[BlackElo "2201"]
[PlyCount "73"]
[EventDate "2009.09.27"]
[EventType "team"]
[EventRounds "11"]
[EventCountry "FRA"]
[Source "ChessBase"]
[SourceDate "2010.03.11"]

1. c4 Nf6 2. g3 g6 3. Bg2 Bg7 4. Nc3 O-O 5. d3 d6 6. Bg5 h6 7. Bd2 Nc6 8. e4 e5
9. Nge2 Be6 10. O-O Qd7 11. Nd5 Nh5 12. b4 f5 13. b5 Nd8 14. Rb1 c6 15. bxc6
bxc6 16. Ndc3 f4 17. f3 g5 18. Qc2 Rc8 19. Na4 c5 20. Nac3 Nc6 21. Nd5 fxg3 22.
hxg3 Bxd5 23. exd5 Nd4 24. Nxd4 exd4 25. Be1 Rce8 26. Kh2 Be5 27. Bh3 Qh7 28.
Kg2 Kh8 29. a4 Re7 30. Qd1 Ng7 31. a5 Nf5 32. Bxf5 Qxf5 33. a6 Qc8 34. Qa4 Qf5
35. Qc2 Qc8 36. Qa2 Qf5 37. Qc2 1/2-1/2

[Event "FRA-chT2 0910"]
[Site "France"]
[Date "2009.10.17"]
[Round "2.2"]
[White "Godart, Francois"]
[Black "Vallin, Guillaume"]
[Result "0-1"]
[WhiteElo "2178"]
[BlackElo "2429"]
[PlyCount "46"]
[EventDate "2009.09.27"]
[EventType "team"]
[EventRounds "11"]
[EventCountry "FRA"]
[Source "ChessBase"]
[SourceDate "2010.03.11"]

1. d4 e6 2. c4 Nf6 3. Nf3 d5 4. Nc3 Bb4 5. Qa4+ Nc6 6. e3 O-O 7. Bd2 Bd7 8. Qc2
Bd6 9. a3 dxc4 10. Bxc4 e5 11. Nb5 e4 12. Ng1 Be7 13. Ne2 Bf5 14. O-O Qd7 15.
Nbc3 Bd6 16. Ng3 Bxg3 17. hxg3 Nxd4 18. exd4 e3 19. Bd3 Bxd3 20. Qxd3 exd2 21.
Qxd2 Rad8 22. Rad1 Rfe8 23. Rfe1 Qxd4 0-1

[Event "FRA-chT2 0910"]
[Site "France"]
[Date "2009.10.17"]
[Round "2.2"]
[White "Gulbas, Cemil"]
[Black "Soyez, Cyril"]
[Result "1-0"]
[WhiteElo "2356"]
[BlackElo "2246"]
[PlyCount "83"]
[EventDate "2009.09.27"]
[EventType "team"]
[EventRounds "11"]
[EventCountry "FRA"]
[Source "ChessBase"]
[SourceDate "2010.03.11"]

1. e4 c5 2. Nf3 Nc6 3. Bb5 Nd4 4. Nxd4 cxd4 5. O-O g6 6. c3 dxc3 7. Nxc3 Bg7 8.
d4 b6 9. Bc4 Bb7 10. Qb3 e6 11. d5 Nf6 12. Bg5 h6 13. Bh4 g5 14. Bg3 O-O 15.
Rad1 exd5 16. exd5 d6 17. Qa3 Ne8 18. Nb5 a6 19. Nd4 b5 20. Bb3 Bxd4 21. Rxd4
f5 22. f3 f4 23. Bf2 Ng7 24. Bc2 Nf5 25. Qd3 Rc8 26. Re1 Qf6 27. Re6 Rxc2 28.
Rxf6 Rc1+ 29. Be1 Rxf6 30. Re4 Rc5 31. Bc3 Rxd5 32. Qe2 Rf8 33. Re8 Ne3 34.
Rxe3 fxe3 35. Qxe3 Rdf5 36. h4 Bd5 37. Qe7 R5f7 38. Qxd6 Be4 39. fxe4 Rf1+ 40.
Kh2 R8f4 41. Qg6+ Kf8 42. Bb4# 1-0

[Event "FRA-chT2 0910"]
[Site "France"]
[Date "2009.10.17"]
[Round "2.2"]
[White "Iwanesko, Alexandre"]
[Black "Robin, Samy"]
[Result "0-1"]
[WhiteElo "2191"]
[BlackElo "2350"]
[PlyCount "108"]
[EventDate "2009.09.27"]
[EventType "team"]
[EventRounds "11"]
[EventCountry "FRA"]
[Source "ChessBase"]
[SourceDate "2010.03.11"]

1. e4 e5 2. Nf3 Nc6 3. Bb5 a6 4. Ba4 Nf6 5. Qe2 b5 6. Bb3 Be7 7. c3 d6 8. O-O
O-O 9. Rd1 Na5 10. Bc2 c5 11. d4 cxd4 12. cxd4 Qc7 13. Nc3 Bg4 14. dxe5 dxe5
15. Bb3 Nxb3 16. axb3 h6 17. Be3 Qb7 18. h3 Be6 19. Nxe5 Nxe4 20. Bd4 Nc5 21.
Ng6 Nxb3 22. Nxf8 Bxf8 23. Ne4 Nxa1 24. Rxa1 Bd5 25. Nf6+ Kh8 26. Qh5 Be6 27.
Ng4 Bxg4 28. hxg4 Kg8 29. Re1 Rd8 30. Be3 Rd5 31. Qh4 Qd7 32. Qg3 Rd1 33. Rxd1
Qxd1+ 34. Kh2 Bd6 35. Bf4 Bxf4 36. Qxf4 Qc2 37. Qd4 Qc7+ 38. g3 a5 39. Qd5 Qb8
40. g5 hxg5 41. Qxg5 a4 42. Qd2 b4 43. Qc2 b3 44. Qc5 Qe8 45. Qa3 Qe4 46. Kg1
Kh7 47. Qa1 Qb4 48. Kh1 g6 49. Kh2 a3 50. bxa3 Qb6 51. Kg2 b2 52. Qb1 Qc6+ 53.
Kh2 Qc1 54. Qa2 Kg8 0-1

[Event "FRA-chT2 0910"]
[Site "France"]
[Date "2009.10.17"]
[Round "2.2"]
[White "Marco, Clement"]
[Black "Armas, Julius"]
[Result "0-1"]
[WhiteElo "2058"]
[BlackElo "2335"]
[PlyCount "100"]
[EventDate "2009.09.27"]
[EventType "team"]
[EventRounds "11"]
[EventCountry "FRA"]
[Source "ChessBase"]
[SourceDate "2010.03.11"]

1. e4 c5 2. Nf3 d6 3. d4 Nf6 4. Nc3 cxd4 5. Nxd4 a6 6. f3 e5 7. Nb3 Be6 8. Nd5
Bxd5 9. exd5 g6 10. Be3 Nbd7 11. c4 Qc7 12. Rc1 b6 13. Nd2 a5 14. a4 Bg7 15.
Bd3 Nc5 16. Bb1 O-O 17. O-O Rae8 18. Ne4 Nh5 19. Nc3 f5 20. Nb5 Qd8 21. b3 Nf4
22. Rf2 g5 23. Kh1 e4 24. fxe4 fxe4 25. Nd4 Be5 26. Qg4 Bxd4 27. Bxd4 Nxb3 28.
Rcf1 Nxd4 29. Rxf4 Rxf4 30. Rxf4 Rf8 31. Rxf8+ Qxf8 32. Qxg5+ Kh8 33. Qe3 Qf1+
34. Qg1 Qxg1+ 35. Kxg1 e3 36. Kf1 Kg7 37. Ke1 h6 38. h4 Kf6 39. g4 Nf3+ 40. Ke2
Nxh4 41. Kxe3 Kg5 42. Bh7 Kxg4 43. Ke4 Kg5 44. Bg8 Ng6 45. Be6 Ne5 46. Kd4 Kf4
47. Bh3 h5 48. Bf1 Kg3 49. Ke4 h4 50. Kf5 h3 0-1

[Event "FRA-chT2 0910"]
[Site "France"]
[Date "2009.10.17"]
[Round "2.2"]
[White "Remille, Tristan"]
[Black "Mindeguia Guruceaga, Juan Jesus"]
[Result "1/2-1/2"]
[WhiteElo "2216"]
[BlackElo "2169"]
[PlyCount "66"]
[EventDate "2009.09.27"]
[EventType "team"]
[EventRounds "11"]
[EventCountry "FRA"]
[Source "ChessBase"]
[SourceDate "2010.03.11"]

1. e4 e5 2. Nf3 Nc6 3. Bb5 f5 4. Nc3 fxe4 5. Nxe4 Nf6 6. Qe2 d5 7. Nxe5 dxe4 8.
Nxc6 bxc6 9. Bxc6+ Bd7 10. Bxa8 Qxa8 11. O-O Bc5 12. b3 O-O 13. Bb2 Qd5 14.
Bxf6 Rxf6 15. d4 exd3 16. Qxd3 Qc6 17. Kh1 Bd6 18. Rae1 Bf5 19. Qe3 a6 20. f3
Qxc2 21. Rf2 Qc6 22. Qe8+ Qxe8 23. Rxe8+ Kf7 24. Ra8 Re6 25. g4 Bd3 26. Kg2 Bf4
27. Rd8 Bb5 28. Rc2 g5 29. Rd5 Bc6 30. Rf5+ Ke7 31. h4 h6 32. Rfc5 Ba8 33. R5c3
gxh4 1/2-1/2

[Event "FRA-chT2 0910"]
[Site "France"]
[Date "2009.10.17"]
[Round "2.2"]
[White "Romieux, Sebastien"]
[Black "Ribeiro, Romain"]
[Result "1-0"]
[WhiteElo "2263"]
[BlackElo "2169"]
[PlyCount "79"]
[EventDate "2009.09.27"]
[EventType "team"]
[EventRounds "11"]
[EventCountry "FRA"]
[Source "ChessBase"]
[SourceDate "2010.03.11"]

1. e4 c5 2. Nf3 d6 3. d4 cxd4 4. Nxd4 Nf6 5. Nc3 a6 6. Bg5 e6 7. f4 b5 8. Bd3
Nbd7 9. Qe2 Qb6 10. Nf3 Bb7 11. O-O-O Rc8 12. e5 dxe5 13. Nxe5 Nxe5 14. fxe5
Nd5 15. Nxd5 Bxd5 16. Kb1 Qb7 17. Rd2 h6 18. Bh4 Be7 19. Bxe7 Qxe7 20. a4 O-O
21. axb5 axb5 22. Bxb5 Qb4 23. Rhd1 Rc5 24. c4 Bxc4 25. Bxc4 Rxc4 26. Rd8 Rc8
27. Rxf8+ Kxf8 28. Rc1 Rb8 29. Rc4 Qb5 30. Rc8+ Ke7 31. Rc7+ Ke8 32. Qf2 f5 33.
exf6 gxf6 34. Rc3 Qe5 35. Qf3 Kf7 36. b3 Qb5 37. h4 Qb6 38. Qg3 e5 39. Qf3 Rg8
40. Qd5+ 1-0

[Event "FRA-chT2 0910"]
[Site "France"]
[Date "2009.10.17"]
[Round "2.2"]
[White "Serafimov, Tervel"]
[Black "Bastian, Herbert"]
[Result "1-0"]
[WhiteElo "2410"]
[BlackElo "2362"]
[PlyCount "69"]
[EventDate "2009.09.27"]
[EventType "team"]
[EventRounds "11"]
[EventCountry "FRA"]
[Source "ChessBase"]
[SourceDate "2010.03.11"]

1. c4 e5 2. Nc3 Nc6 3. g3 g6 4. Bg2 Bg7 5. e3 d6 6. Nge2 Be6 7. d3 Qd7 8. Nd5
Nd8 9. e4 c6 10. Ne3 Bh3 11. O-O Bxg2 12. Kxg2 Ne7 13. d4 exd4 14. Nxd4 d5 15.
cxd5 cxd5 16. exd5 Nxd5 17. Qf3 Ne7 18. Rd1 Bxd4 19. Ng4 f5 20. Nf6+ Bxf6 21.
Rxd7 Kxd7 22. Be3 Ndc6 23. Rd1+ Ke8 24. b4 a6 25. a4 Kf7 26. Rd7 Rhd8 27. Rxb7
Rab8 28. Qxc6 Rxb7 29. Qxb7 Rd6 30. Bc5 Re6 31. b5 axb5 32. a5 Kg8 33. a6 Nc6
34. Qc8+ Kf7 35. Qf8# 1-0

[Event "FRA-chT2 0910"]
[Site "France"]
[Date "2009.10.17"]
[Round "2.2"]
[White "Shchekachev, Andrei"]
[Black "Bertrand, Quentin"]
[Result "1-0"]
[WhiteElo "2539"]
[BlackElo "2044"]
[PlyCount "74"]
[EventDate "2009.09.27"]
[EventType "team"]
[EventRounds "11"]
[EventCountry "FRA"]
[Source "ChessBase"]
[SourceDate "2010.03.11"]
[WhiteTeam "Meaux"]

1. Nf3 f5 2. d3 Nc6 3. d4 e6 4. g3 Nf6 5. Bg2 Be7 6. c4 d5 7. O-O O-O 8. b3 Ne4
9. Ba3 g5 10. Bb2 Bf6 11. e3 Ne7 12. Ne5 Ng6 13. f3 Nd6 14. Qc2 c6 15. Nd2 Nf7
16. Nd3 Kg7 17. Bc3 h5 18. Qb2 Rh8 19. Rae1 h4 20. Rf2 hxg3 21. hxg3 Qc7 22.
Nf1 f4 23. g4 Bd7 24. e4 Nh4 25. Rc2 Qd8 26. Bh1 Rh6 27. Rh2 Qc7 28. Qa3 Rah8
29. Qxa7 Bc8 30. Nc5 e5 31. exd5 exd4 32. Ba5 Qd6 33. Ne4 Qe5 34. Nxf6 Qxf6 35.
Bb6 Kg6 36. Bxd4 Qd6 37. Bxh8 Nxh8 1-0

[Event "FRA-chT2 0910"]
[Site "France"]
[Date "2009.10.17"]
[Round "2.2"]
[White "Vandevoort, Pascal"]
[Black "Petkov, Vladimir"]
[Result "0-1"]
[WhiteElo "2357"]
[BlackElo "2456"]
[PlyCount "62"]
[EventDate "2009.09.27"]
[EventType "team"]
[EventRounds "11"]
[EventCountry "FRA"]
[Source "ChessBase"]
[SourceDate "2010.03.11"]

1. e4 e5 2. Nf3 Nc6 3. Nc3 Nf6 4. a3 Be7 5. Bb5 Nd4 6. Nxd4 exd4 7. e5 dxc3 8.
exf6 cxb2 9. Bxb2 Bxf6 10. d4 O-O 11. O-O d5 12. Bd3 c5 13. c3 cxd4 14. cxd4
Re8 15. Qb3 Qb6 16. Qxb6 axb6 17. Rfc1 Bd7 18. Kf1 Ra4 19. Rc7 Bc6 20. Rd1 g6
21. Be2 Be7 22. Bg4 Bd6 23. Rxc6 bxc6 24. Bd7 Re6 25. Bxc6 Ra5 26. Bd7 Re7 27.
Bg4 Bxa3 28. Bc3 Rb5 29. Bf3 Bb4 30. Ba1 Ra5 31. g3 Re1+ 0-1

[Event "FRA-chT2 0910"]
[Site "France"]
[Date "2009.10.17"]
[Round "2.2"]
[White "Wegner, Eric"]
[Black "Mohebbi, Jaffar"]
[Result "1/2-1/2"]
[WhiteElo "2084"]
[BlackElo "2339"]
[PlyCount "96"]
[EventDate "2009.09.27"]
[EventType "team"]
[EventRounds "11"]
[EventCountry "FRA"]
[Source "ChessBase"]
[SourceDate "2010.03.11"]

1. d4 Nf6 2. c4 e6 3. g3 Bb4+ 4. Bd2 Qe7 5. Bg2 O-O 6. Nf3 Bxd2+ 7. Qxd2 Ne4 8.
Qc2 f5 9. O-O d6 10. Nc3 Nxc3 11. Qxc3 Nd7 12. b4 e5 13. dxe5 dxe5 14. c5 e4
15. Nd4 Ne5 16. c6 bxc6 17. Nxc6 Nxc6 18. Qxc6 Rb8 19. a3 Rb6 20. Qc3 h5 21.
Rac1 Rf7 22. Rfd1 h4 23. Rd5 Rd6 24. Qc5 Be6 25. Rd4 hxg3 26. hxg3 Qd8 27. Rcd1
Rfd7 28. e3 Rxd4 29. Rxd4 Rxd4 30. exd4 Bd5 31. Qxa7 g5 32. Qc5 f4 33. Bf1 e3
34. fxe3 fxe3 35. Bc4 Bxc4 36. Qxc4+ Kg7 37. d5 Qe7 38. Qd4+ Kg6 39. Qd3+ Kf6
40. Kf1 Qe5 41. Ke2 Qxg3 42. Qxe3 Qg2+ 43. Qf2+ Qxf2+ 44. Kxf2 Ke5 45. a4 Kxd5
46. a5 Kc6 47. Kg3 Kb5 48. Kg4 c5 1/2-1/2

[Event "FRA-chT2 0910"]
[Site "France"]
[Date "2009.10.17"]
[Round "2.3"]
[White "Blum, Nicolas"]
[Black "Cekro, Ekrem"]
[Result "1-0"]
[WhiteElo "2234"]
[BlackElo "2380"]
[PlyCount "65"]
[EventDate "2009.09.27"]
[EventType "team"]
[EventRounds "11"]
[EventCountry "FRA"]
[Source "ChessBase"]
[SourceDate "2010.03.11"]

1. e4 g6 2. d4 Bg7 3. Nc3 c6 4. Be3 Qb6 5. a3 Nf6 6. h3 O-O 7. Nf3 d5 8. e5 Ne4
9. Nxe4 dxe4 10. Nd2 Rd8 11. b4 Qc7 12. Bc4 Nd7 13. e6 fxe6 14. Bxe6+ Kh8 15.
Nxe4 Nf8 16. Bb3 Be6 17. c3 Bd5 18. Ng5 e5 19. O-O exd4 20. Bxd4 Qf4 21. Bxd5
Rxd5 22. Nf3 Bxd4 23. Nxd4 c5 24. bxc5 Rxc5 25. Qb3 b6 26. Rae1 Rac8 27. Re3
Qc7 28. Qb2 Qf7 29. Rfe1 R5c7 30. Qb4 Kg8 31. Nb5 Rc4 32. Qb3 R8c6 33. Re5 1-0

[Event "FRA-chT2 0910"]
[Site "France"]
[Date "2009.10.17"]
[Round "2.3"]
[White "Bollore, Jacques"]
[Black "Giacomini, Hector"]
[Result "0-1"]
[WhiteElo "2124"]
[BlackElo "2257"]
[PlyCount "102"]
[EventDate "2009.09.27"]
[EventType "team"]
[EventRounds "11"]
[EventCountry "FRA"]
[Source "ChessBase"]
[SourceDate "2010.03.11"]

1. e4 c6 2. Nc3 d5 3. Nf3 Bg4 4. h3 Bxf3 5. Qxf3 Nf6 6. e5 Nfd7 7. e6 fxe6 8.
d4 e5 9. dxe5 Nxe5 10. Qg3 Nbd7 11. Be2 g6 12. h4 Bg7 13. h5 Nf8 14. Bf4 Nf7
15. Bc7 Qd7 16. Bg4 e6 17. hxg6 hxg6 18. Rxh8 Bxh8 19. O-O-O Qe7 20. Ne2 Nh6
21. Bh3 Nf5 22. Qh2 Qf6 23. c3 Kf7 24. g4 Ne7 25. f4 Qh4 26. Ng1 Bg7 27. Nf3
Qh8 28. Be5 Bxe5 29. Nxe5+ Kg8 30. Qg3 Qg7 31. Rg1 Rd8 32. Qe3 d4 33. cxd4 Nd5
34. Qf2 Qh6 35. Rh1 Qxf4+ 36. Qxf4 Nxf4 37. Nf3 Ne2+ 38. Kb1 Nxd4 39. Ne5 Rd5
40. Re1 Nb5 41. Kc1 Kg7 42. Bg2 Rd4 43. Rf1 Nd6 44. Kc2 c5 45. Bxb7 Nc4 46. Re1
Nxb2 47. Ba6 Na4 48. Rb1 Nb6 49. Nc6 Ra4 50. Be2 Rxa2+ 51. Kd1 Nfd7 0-1

[Event "FRA-chT2 0910"]
[Site "France"]
[Date "2009.10.17"]
[Round "2.3"]
[White "Briet, Antoine"]
[Black "Dubreuil, Julien"]
[Result "1/2-1/2"]
[WhiteElo "2200"]
[BlackElo "2264"]
[PlyCount "85"]
[EventDate "2009.09.27"]
[EventType "team"]
[EventRounds "11"]
[EventCountry "FRA"]
[Source "ChessBase"]
[SourceDate "2010.03.11"]

1. e4 e6 2. d4 d5 3. Nc3 Be7 4. Bd3 Nc6 5. Nf3 Nb4 6. Bb5+ c6 7. Be2 dxe4 8.
Nxe4 Nf6 9. Nxf6+ Bxf6 10. O-O O-O 11. c4 Na6 12. Qb3 Qb6 13. Be3 Rd8 14. Rad1
Qxb3 15. axb3 b6 16. Ne5 Bb7 17. Bf3 Nb4 18. Bd2 Rxd4 19. Nxf7 Kxf7 20. Bxb4
Rad8 21. Bc3 Rxd1 22. Rxd1 Rxd1+ 23. Bxd1 c5 24. Bc2 a5 25. Bxf6 Kxf6 26. f4 h6
27. Kf2 e5 28. g3 exf4 29. gxf4 g5 30. fxg5+ hxg5 31. Ke3 Ke5 32. Bd3 Bc6 33.
Bg6 Bd7 34. Bd3 Bg4 35. Be2 Bf5 36. Bd3 Bxd3 37. Kxd3 Kf4 38. Ke2 Ke4 39. h3
Kf4 40. Kf2 g4 41. hxg4 Kxg4 42. Ke3 Kf5 43. Kf3 1/2-1/2

[Event "FRA-chT2 0910"]
[Site "France"]
[Date "2009.10.17"]
[Round "2.3"]
[White "Chabradze, Boris"]
[Black "Le Borgne, Pierre"]
[Result "1-0"]
[WhiteElo "2204"]
[BlackElo "2228"]
[PlyCount "81"]
[EventDate "2009.09.27"]
[EventType "team"]
[EventRounds "11"]
[EventCountry "FRA"]
[Source "ChessBase"]
[SourceDate "2010.03.11"]

1. e4 e5 2. Nf3 Nc6 3. Nc3 Nf6 4. d4 exd4 5. Nxd4 Bb4 6. Nxc6 bxc6 7. Bd3 d5 8.
exd5 Qe7+ 9. Qe2 Qxe2+ 10. Bxe2 cxd5 11. Bb5+ Bd7 12. O-O c6 13. Re1+ Kd8 14.
Ba4 Kc7 15. Bf4+ Bd6 16. Bxd6+ Kxd6 17. Rad1 Rhe8 18. f3 a5 19. Ne4+ Nxe4 20.
fxe4 Bg4 21. Rd3 Bf5 22. Rc3 Rxe4 23. Rxe4 Bxe4 24. Rxc6+ Ke5 25. Rc7 Rb8 26.
b3 g5 27. c4 dxc4 28. Rc5+ Kd4 29. Rxc4+ Ke3 30. Bc6 Bxc6 31. Rxc6 Rd8 32. h3
Rd1+ 33. Kh2 Rd2 34. a4 Kd4 35. Ra6 Kc3 36. Rxa5 Kxb3 37. Rxg5 Kxa4 38. Rh5 Kb4
39. Rxh7 Rf2 40. Kg3 Rf1 41. Rh4+ 1-0

[Event "FRA-chT2 0910"]
[Site "France"]
[Date "2009.10.17"]
[Round "2.3"]
[White "Debeaune, Robin"]
[Black "Bouillot, Serge"]
[Result "0-1"]
[WhiteElo "2168"]
[BlackElo "2163"]
[PlyCount "86"]
[EventDate "2009.09.27"]
[EventType "team"]
[EventRounds "11"]
[EventCountry "FRA"]
[Source "ChessBase"]
[SourceDate "2010.03.11"]

1. e4 d6 2. d4 Nf6 3. Nc3 c6 4. a4 g6 5. Nf3 Bg7 6. Be2 O-O 7. O-O Bg4 8. h3
Bxf3 9. Bxf3 Nbd7 10. Re1 e5 11. d5 c5 12. Be2 Ne8 13. Qd3 f5 14. g4 f4 15. Bf3
Bf6 16. Ra3 Rf7 17. Kg2 Bh4 18. Rf1 Nf8 19. Ne2 Rc8 20. c4 Rcc7 21. a5 h6 22.
Bd2 Nh7 23. Ng1 Ng5 24. b4 Nxf3 25. Nxf3 h5 26. Rg1 hxg4 27. hxg4 Rh7 28. Kf1
Be7 29. bxc5 Rxc5 30. Bb4 Rc7 31. Ra1 Qc8 32. c5 dxc5 33. Bc3 c4 34. Qd2 Rh3
35. Nxe5 Rxc3 36. Qxc3 Bf6 37. g5 Bg7 38. d6 Nxd6 39. a6 Nf7 40. axb7 Qxb7 41.
Rd1 Bxe5 42. Qh3 Qb3 43. Qg4 f3 0-1

[Event "FRA-chT2 0910"]
[Site "France"]
[Date "2009.10.17"]
[Round "2.3"]
[White "Demanghon, Jonathan"]
[Black "Renault, Fabien"]
[Result "1/2-1/2"]
[WhiteElo "2203"]
[BlackElo "2204"]
[PlyCount "155"]
[EventDate "2009.09.27"]
[EventType "team"]
[EventRounds "11"]
[EventCountry "FRA"]
[Source "ChessBase"]
[SourceDate "2010.03.11"]

1. d4 f5 2. Nc3 d5 3. Bf4 c6 4. e3 Nf6 5. Bd3 e6 6. h3 Bb4 7. Nge2 O-O 8. O-O
b6 9. Na4 Ba6 10. b3 Bxd3 11. Qxd3 Bd6 12. c4 Qe7 13. Rac1 Nbd7 14. Rc2 e5 15.
dxe5 Nxe5 16. Qd1 dxc4 17. Nd4 Ne8 18. Nxc6 Nxc6 19. Qd5+ Kh8 20. Qxc6 Rd8 21.
Rxc4 Bxf4 22. Rxf4 Qe5 23. Qc3 Qe6 24. Nb2 Nf6 25. Qc4 Qxc4 26. Nxc4 g6 27. g4
Nd5 28. Rd4 Nc3 29. Rxd8 Rxd8 30. Kg2 b5 31. Ne5 Rd2 32. gxf5 gxf5 33. Kf3 Kg7
34. Kf4 Kf6 35. Nc6 Rxa2 36. Nd4 Ne2+ 37. Nxe2 Rxe2 38. Kf3 Rb2 39. Ra1 Rxb3
40. Rxa7 h6 41. Ra6+ Kg5 42. h4+ Kxh4 43. Rxh6+ Kg5 44. Rh8 Rb4 45. Rf8 Kg6 46.
Rd8 Kf6 47. Rd5 Ke6 48. Rc5 Kf6 49. Kg3 Rg4+ 50. Kf3 Rb4 51. Kg3 Rg4+ 52. Kh3
Rb4 53. f4 Rb3 54. Kh4 Rxe3 55. Rxb5 Re6 56. Kh5 Re4 57. Rb6+ Re6 58. Rb8 Re7
59. Kh6 Ke6 60. Kg6 Rd7 61. Rb6+ Ke7 62. Kxf5 Kf7 63. Kg5 Rc7 64. f5 Kg7 65.
Rg6+ Kf7 66. Rh6 Kg7 67. f6+ Kg8 68. Kg6 Rg7+ 69. Kf5 Rb7 70. Rh4 Rb5+ 71. Kg6
Rb7 72. Rd4 Rg7+ 73. Kf5 Rb7 74. Rg4+ Kf8 75. Kg6 Rb2 76. Rg3 Rb1 77. Ra3 Rg1+
78. Kf5 1/2-1/2

[Event "FRA-chT2 0910"]
[Site "France"]
[Date "2009.10.17"]
[Round "2.3"]
[White "Eusebe, Aurelien"]
[Black "Reinhardt, Bernd"]
[Result "1/2-1/2"]
[WhiteElo "2233"]
[BlackElo "2369"]
[PlyCount "82"]
[EventDate "2009.09.27"]
[EventType "team"]
[EventRounds "11"]
[EventCountry "FRA"]
[Source "ChessBase"]
[SourceDate "2010.03.11"]

1. e4 d6 2. d4 Nf6 3. Nc3 Nbd7 4. Nf3 e5 5. Bc4 Be7 6. O-O O-O 7. Re1 c6 8. a4
b6 9. b3 Bb7 10. Ba3 a6 11. dxe5 dxe5 12. Bd6 b5 13. axb5 axb5 14. Rxa8 Bxa8
15. Bf1 Re8 16. g3 Bb7 17. Bh3 Nc5 18. Bxe5 Qxd1 19. Nxd1 Ncxe4 20. Bg2 c5 21.
Nh4 Bd8 22. Bb2 Ba5 23. Re2 Rd8 24. Ne3 Bc3 25. Bxc3 Nxc3 26. Re1 Bxg2 27. Kxg2
g6 28. Ra1 h5 29. Nf3 Rd6 30. Ra7 Ng4 31. Nxg4 hxg4 32. Ne5 f5 33. Nd3 c4 34.
bxc4 bxc4 35. Ne5 Rd2 36. Nxc4 Rxc2 37. Ne5 Ne4 38. Nxg6 Rxf2+ 39. Kg1 Rb2 40.
Ne7+ Kf8 41. Nxf5 Rb1+ 1/2-1/2

[Event "FRA-chT2 0910"]
[Site "France"]
[Date "2009.10.17"]
[Round "2.3"]
[White "Flament, Francois"]
[Black "Houriez, Clement"]
[Result "1/2-1/2"]
[WhiteElo "2206"]
[BlackElo "2304"]
[PlyCount "74"]
[EventDate "2009.09.27"]
[EventType "team"]
[EventRounds "11"]
[EventCountry "FRA"]
[Source "ChessBase"]
[SourceDate "2010.03.11"]

1. d4 Nf6 2. Nf3 e6 3. c4 b6 4. g3 Bb7 5. Bg2 Be7 6. O-O O-O 7. Nc3 Ne4 8. Qc2
Nxc3 9. Qxc3 c5 10. dxc5 bxc5 11. Bf4 d6 12. Rfd1 Qb6 13. Ng5 Bxg2 14. Kxg2
Bxg5 15. Bxg5 f6 16. Be3 Rd8 17. Rab1 a5 18. h4 Nc6 19. h5 Qb4 20. h6 Ne5 21.
Rdc1 Qxc3 22. Rxc3 g6 23. a3 Rab8 24. b3 Kf7 25. Bd2 Rb7 26. Rc2 Nc6 27. Bc3
Rdb8 28. Rcb2 e5 29. g4 g5 30. e3 e4 31. f3 exf3+ 32. Kxf3 Ke6 33. Ke4 Ne5 34.
Bxe5 dxe5 35. Kf3 Rb6 36. Ke4 R6b7 37. Kf3 Rf7 1/2-1/2

[Event "FRA-chT2 0910"]
[Site "France"]
[Date "2009.10.17"]
[Round "2.3"]
[White "Herdier, Goulwenn"]
[Black "Le Masle, Raphael"]
[Result "1-0"]
[WhiteElo "2157"]
[BlackElo "2072"]
[PlyCount "142"]
[EventDate "2009.09.27"]
[EventType "team"]
[EventRounds "11"]
[EventCountry "FRA"]
[Source "ChessBase"]
[SourceDate "2010.03.11"]

1. e4 c5 2. Nf3 e6 3. c3 d5 4. e5 d4 5. Bd3 Nc6 6. Be4 Nge7 7. d3 Qc7 8. Bf4
Ng6 9. Bxc6+ Qxc6 10. Bg3 Qb6 11. Qc2 Bd7 12. Nbd2 Bb5 13. a4 dxc3 14. bxc3 Ba6
15. Ne4 Rd8 16. Rd1 Be7 17. O-O O-O 18. Rfe1 Rd7 19. c4 Qd8 20. Qe2 b6 21. Rd2
Bb7 22. Red1 Qa8 23. h4 Rfd8 24. h5 Bxe4 25. dxe4 Rxd2 26. Rxd2 Nf8 27. Bf4
Rxd2 28. Bxd2 Qd8 29. Bc3 Nd7 30. Qd2 a5 31. Ne1 Nb8 32. Qxd8+ Bxd8 33. f4 Bc7
34. Kf2 Nc6 35. Ke3 Kf8 36. g4 h6 37. Nf3 Ke7 38. g5 Kf8 39. gxh6 gxh6 40. Nh2
Kg7 41. Ng4 Bd8 42. Nh2 Nb8 43. Nf3 Nd7 44. Nd2 Be7 45. Nb1 f6 46. exf6+ Bxf6
47. e5 Bd8 48. Nd2 Nb8 49. Ke4 Kf7 50. f5 Bg5 51. Nf3 Bc1 52. Nh4 Nc6 53. fxe6+
Kxe6 54. Nf5 Nb4 55. Nd6 Na2 56. Ba1 Bd2 57. Nb5 Nc1 58. Nc7+ Kd7 59. Nd5 Ke6
60. Nxb6 Bg5 61. Nd5 Ne2 62. Nc7+ Kd7 63. Na6 Ng3+ 64. Kd5 Nxh5 65. Nxc5+ Ke7
66. Nb3 Nf4+ 67. Ke4 h5 68. Nd4 h4 69. Nf5+ Ke6 70. Nxh4 Ne2 71. Nf3 Ng3+ 1-0

[Event "FRA-chT2 0910"]
[Site "France"]
[Date "2009.10.17"]
[Round "2.3"]
[White "Jellouli, Moez"]
[Black "Yacob, Francois"]
[Result "0-1"]
[WhiteElo "2082"]
[BlackElo "2168"]
[PlyCount "76"]
[EventDate "2009.09.27"]
[EventType "team"]
[EventRounds "11"]
[EventCountry "FRA"]
[Source "ChessBase"]
[SourceDate "2010.03.11"]

1. e4 c5 2. Nf3 e6 3. d4 cxd4 4. Nxd4 Nf6 5. Nc3 Bb4 6. Bd3 d5 7. e5 Nfd7 8.
Bb5 O-O 9. Bxd7 Nxd7 10. f4 Qh4+ 11. g3 Qh3 12. Kf2 f6 13. Qf1 Qxf1+ 14. Rxf1
Bc5 15. Be3 Bxd4 16. Bxd4 fxe5 17. Be3 d4 18. Bxd4 exd4 19. Nb5 e5 20. Kg2 b6
21. fxe5 Bb7+ 22. Kg1 Rxf1+ 23. Rxf1 Ba6 24. Nc7 Bxf1 25. Nxa8 Bh3 26. Nc7 Nxe5
27. Nb5 Nc6 28. Kf2 Kf7 29. Kf3 Ke6 30. Kf4 h6 31. Nc7+ Kd7 32. Nb5 g5+ 33. Kf3
Bf1 34. Na3 Kd6 35. h4 gxh4 36. gxh4 Kd5 37. c3 dxc3 38. bxc3 Ne5+ 0-1